000 00641nam a2200193Ii 4500
003 JO-AjNU
008 230605s9999||||xx |||||||||||||| ||und||
040 _aJO-AjNU
_bara
_erda
_cJO-AjNU
041 _aara
050 1 4 _aKRM3946.M846.2000
100 3 _aعوض، عوض محمد ,
_eauthor
_931220
245 0 0 _aقانون العقوبات : القسم العام 
264 3 1 _aالاسكندرية: جامعة الاسكندرية، 2000
300 _a758ص
336 _atext
_btxt
_2rdacontent
337 _aunmediated
_bn
_2rdamedia
338 _avolume
_bnc
_2rdacarrier
650 4 _aقانون العقوبات -- مصر 
_931221
999 _aA12464
_c16032
_d16032